000 00746nam a2200193Ia 4500
003 GCL
008 140319s9999 xx 000 0 ara d
040 _aGCL /
_cGCL
082 0 4 _a258.3
_bش ن
100 1 _aالشافعىالصغير، شمس الدين محمد
245 1 0 _aنهاية المحتاج الى شرح المنهاج فى الفقة على مذهب الامام الشافعى رضى اللة عنة /
_cالشافعىالصغير، شمس الدين محمد
260 _aبيروت :
_bدار الكتب العلمية ،
_c1993
300 _a504 ص ؛
_c24 سم
490 _a
650 0 4 _aالصلاة
650 0 4 _aالفقه الشافعى
650 0 4 _aالفقه الاسلامى - مذاهب
942 _2ddc
_cBK
999 _c39202
_d39202